| 000 | 00593nam a22001817a 4500 | ||
|---|---|---|---|
| 005 | 20241220105742.0 | ||
| 010 | _aENG-143122 | ||
| 020 |
_c1995.00 _a9789356223387 |
||
| 035 | _aEN-126654 | ||
| 037 | _bDBAD/PUB | ||
| 082 | _a343.93055 | ||
| 245 |
_aGST Acts with Rules/Forms & Notifications/ _cedited by Taxmann |
||
| 250 | _a12th | ||
| 260 |
_aNew Delhi _bTaxmann Publications (P.) Ltd. _cAugust 2022 |
||
| 270 |
_bNew Delhi _a59/32, New Rohtak Road, _e110005 _k911145562222 _msales@taxmann.com |
||
| 300 |
_a1356, xix p. _c24cm(pbk) |
||
| 942 |
_2ddc _cEN _h343.93055 _mGST |
||
| 999 |
_c207848 _d207848 |
||